Filosofskije vzgljady A.Ejnštejna i razvitije teorii otnositeľnosti /

Salvato in:
Dettagli Bibliografici
Autore principale: Gribanov, Dmitrij Prochorovič (Autore)
Natura: Libro
Pubblicazione: Moskva : Nauka, 1987
Tags: Aggiungi Tag
Nessun Tag, puoi essere il primo ad aggiungerne!!

MARC

LEADER 00000nam a22000003a 4500
001 stu20174
005 20150617225751.7
008 ------s1987----xxr---------------------d
040 |a STU  |b slo 
041 0
044 |a xxr 
080 |a 530.12/09/ 
100 1 |a Gribanov, Dmitrij Prochorovič  |4 aut 
245 1 |a Filosofskije vzgljady A.Ejnštejna i razvitije teorii otnositeľnosti /  |c [aut.]Gribanov,Dmitrij Prochorovič 
260 |a Moskva :  |b Nauka,  |c 1987 
300 |a 271 s :  |b Lit 
996 |b C79568  |c C*79568  |l CCV  |s P  |a 0  |w stu20174_0001